Countries of the World 1980 - Statistics

General Stats
  • This quiz has been taken 48 times
  • The average score is 138 of 164
Answers on the Map
Answers color-coded by a green-red scale on the quiz's map according to % correct below.
 
Answer Stats
Answer % Correct
Soviet Union
100%
China
95%
Denmark
95%
East Germany
95%
Finland
95%
France
95%
Netherlands
95%
Norway
95%
Poland
95%
Portugal
95%
Spain
95%
Sweden
95%
United Kingdom
95%
United States of America
95%
West Germany
95%
Albania
90%
Algeria
90%
Australia
90%
Austria
90%
Bulgaria
90%
Canada
90%
Costa Rica
90%
Czechoslovakia
90%
Egypt
90%
El Salvador
90%
Greece
90%
Guatemala
90%
Honduras
90%
Hungary
90%
Iceland
90%
India
90%
Iran
90%
Iraq
90%
Ireland
90%
Israel
90%
Italy
90%
Japan
90%
Jordan
90%
Lebanon
90%
Mexico
90%
Mongolia
90%
Oman
90%
Pakistan
90%
Panama
90%
Qatar
90%
Romania
90%
South Africa
90%
South Korea
90%
Sudan
90%
Switzerland
90%
Syria
90%
Yemen
90%
Yugoslavia
90%
Afghanistan
86%
Andorra
86%
Argentina
86%
Bahamas
86%
Belgium
86%
Bolivia
86%
Brazil
86%
Central African Republic
86%
Chad
86%
Chile
86%
Colombia
86%
Congo
86%
Cuba
86%
Dominica
86%
Dominican Republic
86%
Ecuador
86%
Guinea
86%
Guyana
86%
Haiti
86%
Indonesia
86%
Jamaica
86%
Kenya
86%
Kuwait
86%
Liberia
86%
Luxembourg
86%
Mali
86%
Nepal
86%
Nicaragua
86%
Niger
86%
Nigeria
86%
North Korea
86%
Papua New Guinea
86%
Paraguay
86%
Peru
86%
Saudi Arabia
86%
Somalia
86%
South Yemen
86%
Suriname
86%
Taiwan
86%
Togo
86%
Trinidad and Tobago
86%
Turkey
86%
United Arab Emirates
86%
Uruguay
86%
Vatican City
86%
Venezuela
86%
Vietnam
86%
Angola
81%
Bahrain
81%
Barbados
81%
Benin
81%
Bhutan
81%
Burma
81%
Cape Verde
81%
Ethiopia
81%
Gabon
81%
Ghana
81%
Ivory Coast
81%
Laos
81%
Libya
81%
Liechtenstein
81%
Madagascar
81%
Malaysia
81%
Maldives
81%
Malta
81%
Monaco
81%
Morocco
81%
New Zealand
81%
Philippines
81%
Rwanda
81%
San Marino
81%
Senegal
81%
Sri Lanka
81%
Tanzania
81%
Thailand
81%
Tunisia
81%
Uganda
81%
Zaire
81%
Zambia
81%
Bangladesh
76%
Cameroon
76%
Cyprus
76%
Fiji
76%
Guinea-Bissau
76%
Kiribati
76%
Lesotho
76%
Malawi
76%
Sāo Tomé and Príncipe
76%
Solomon Islands
76%
Tonga
76%
Djibouti
71%
Gambia
71%
Grenada
71%
Mauritania
71%
Mozambique
71%
Nauru
71%
Saint Vincent and the Grenadines
71%
Samoa
71%
Swaziland
71%
Tuvalu
71%
Botswana
67%
Burkina Faso
67%
Burundi
67%
Comoros
67%
Mauritius
67%
Saint Lucia
67%
Seychelles
67%
Sierra Leone
67%
Singapore
67%
Equatorial Guinea
62%
Kampuchea
62%
No matching quizzes found
Score Distribution
Percent of People with Each Score
Percentile by Number Answered
Your Score History
You have not taken this quiz